| 000 | 01261cam a2200289 i 4500 | ||
|---|---|---|---|
| 003 | SA-RiAUC | ||
| 005 | 20250710070700.0 | ||
| 008 | 250529s1984 su g i 00000 ara c | ||
| 040 |
_aSA-RiKSU _bara _cSA-RiAUC _erda |
||
| 041 | 1 |
_aara _hfre |
|
| 082 | 0 | 4 | _a221.3 |
| 090 |
_a 221.3 _b ل ا ب |
||
| 100 | 1 |
_aلابوم، جول، _d1806-1875 _eمؤلف. |
|
| 245 | 1 | 0 |
_aتفصيل آيات القرآن الكريم / _cوضعه بالفرنسية جول لابوم. ويليه المستدرك / وضعه إدوارد مونتيه ؛ نقلها إلى العربية محمد فؤاد عبد الباقي. |
| 264 | 1 |
_aجدة، السعودية : _bدار القبلة للثقافة الإسلامية، _c1984 |
|
| 300 |
_a675 صفحة ؛ _c28 سم |
||
| 336 |
_aنص _btxt _2rdacontent _3كتاب |
||
| 337 |
_aبدون وسيط _bn _2rdamedia |
||
| 338 |
_aمجلد _bnc _2rdacarrier |
||
| 562 | _aمصورة عن ط. 2 : القاهرة، 1955. | ||
| 630 | 2 | 7 |
_aالقرآن _vكشافات _2aucut |
| 700 | 1 |
_aعبد الباقي، محمد فؤاد، _d1882-1968 _eمعرب. |
|
| 700 | 1 | 2 |
_aمونتيه، إدوار، _d1856-1934. _tالمستدرك. |
| 740 | 2 | 2 | _aالمستدرك. |
| 942 |
_2ddc _cBOOK _n0 |
||
| 949 |
_aSA-JeALM _d250529 _uosman123 _n1 |
||
| 999 |
_c9718 _d9718 |
||